000 00453nam a2200157 i 4500
001 84672
003 ES-MaACL
005 20230906175049.0
007 t|
008 041123s1972 sp ||||1| spa d
100 1 _aJanse, J. C.
_966054
245 1 0 _aTiranía del evolucionismo /
_cJ.C. Janse.
260 _a[Barcelona] :
_bAsociación Cultural de Estudios de Literatura Reformada.
300 _a62 p. ;
_c19 cm.
852 _aES-MaACL
_jC-52571
_bR.85327
999 _c84672
_d84672